Rentgenospektraľnyj spravočnik /
Saved in:
| Main Authors: | , |
|---|---|
| Format: | Book |
| Language: | Russian |
| Published: |
Moskva :
Nauka,
1982
|
| Subjects: | |
| Tags: |
No Tags, Be the first to tag this record!
|
MARC
| LEADER | 00000nam a22000003a 4500 | ||
|---|---|---|---|
| 001 | stu43293 | ||
| 005 | 20150617225716.9 | ||
| 008 | 940831s1982----xxr-----------------rus-d | ||
| 040 | |a STU |b slo | ||
| 041 | 0 | |a rus | |
| 044 | |a xxr | ||
| 080 | |a 539.62 | ||
| 100 | 1 | |a Blochin, Michail A |4 aut | |
| 245 | 1 | |a Rentgenospektraľnyj spravočnik / |c [aut.]M.A. Blochin, I.G. Švejcer | |
| 260 | |a Moskva : |b Nauka, |c 1982 | ||
| 300 | |a 373 s | ||
| 650 | 7 | |a Röntgenospektria |2 stusub | |
| 700 | 1 | |a Švejcer, Igor G |4 aut | |
| 996 | |b E51413 |c E*51413 |l EE10 |s P |a 0 |w stu43293_0001 | ||
| 996 | |b M 28010 |c M*8778-1 |l MMKN |s A |a 24 |w stu43293_0002 | ||